000 01136nam a22003257a 4500
001 1994
003 FISKH
005 20240611113849.0
008 231024b cb ||||| |||| 00| 0 eng d
020 _a9780531153567
020 _a0531144992 (lib.bdg.)
020 _a0531153568 (pbk.)
040 _aFISKH
_beng
_cFISKH
_dFISKH
050 _aTA732.P58
082 _a624.1
100 _aPluckrose, Henry Arthur
245 _aUnder the ground /
_cHenry Pluckrose
260 _aNew York :
_bFrankling Watts ;
_c1998.
300 _a29 pages :
_bcolor illustrations ;
_c27 cm
490 _aMachines at work
505 _aN
520 _aDescribes underground areas including subways, bank vaults, and basement offices as well as the machines used to construct these places, dig tunnels, mine coal, and drill for oil.
521 8 _a580
_bLexile
521 8 _aN
_bRaz-Plus
650 _aExcavating machines
_vJuvenile literature
650 _aUnderground Constructions
_vJuvenile literature
650 _aExcavating machines
650 _aUnderground constructions
_vUnderground area
942 _2ddc
_cBK
_n0
999 _c1994
_d1994